| 000 | 00466nam a2200193Ia 4500 | ||
|---|---|---|---|
| 005 | 20240823043532.0 | ||
| 008 | 240823s9999||||xx |||||||||||||| ||und|| | ||
| 020 | _a0-07-023854-5 | ||
| 041 | _aENGLISH | ||
| 082 | _A005.133 N1 | ||
| 100 | _a"Gottfried,Byron S" | ||
| 245 | 0 | _aProgramming with C | |
| 250 | _a1st | ||
| 260 |
_c1996 _b"TMH,New Delhi" |
||
| 500 | _aTRANSFERED | ||
| 650 |
_aProgramming _bComputer Applications |
||
| 942 | _cBK | ||
| 999 |
_c210453 _d210453 |
||